Uma viagem através da Europa (Registo nº 4276)

Detalhes MARC
000 -Etiqueta do registo
Cabeçalho 00795cam a2200253 4500
005 - Identificador da versão
Campo de controlo 20240813122057.0
095 ## -
-- PTBN00669680
010 ## - Número internacional normalizado dos livros (ISBN)
Número (ISBN) 9282669491
100 ## - Dados gerais de processamento
Dados gerais de processamento 19920311d1994 m f0pory5003 ba
102 ## - Pais de publicação ou produção
País de publicação Luxemburgo
101 0# - Língua de publicação
Língua do texto, banda sonora, etc. Português
106 ## - Campo de dados codificados: material textual
Dados codificados do material textual r
105 ## - Campo de dados codificados: livros
Dados codificados dos livros a z 001aa
215 ## - Descrição física 
Indicação específica da natureza do documento e extensão da espécie 61, [2] p.
Outras indicações físicas il.
Dimensões 23 cm
200 1# - Titulo e menção de responsabilidade
Título próprio Uma viagem através da Europa
Informação de outro título informações sobre os Estados-Membros e a construção da União Europeia
Primeira menção de responsabilidade Comissão Europeia
205 ## - Menção da edição
Menção da edição 4ª ed
210 ## - Publicação, Distribuição, etc. 
Lugar da edição, distribuição, etc. Luxemburgo
Nome do editor, distribuidor, etc. Serviço das Publicações Oficiais das C.E.
Data da publicação, distribuição, etc. 1994
675 ## - Classificação Decimal Universal (CDU)
Notação 908.4-41
Edição BN
Língua da edição por
710 02 - Nome de colectividade-autor (responsabilidade principal)
Número de registo de entrada de autoridade 0001005
Palavra de ordem Comunidade Europeia
Subdivisão Direcção Geral Audiovisual Informação Comunicação Cultura
942 ## - Elementos de entrada adicionados (Koha)
Tipo de item no Koha Livro
Exemplares
Situação do levantamento Origin of item (home branch) (coded) Biblioteca de empréstimo Código de barras Cota Circulation type (not for loan) Tipo de documento Nota do exemplar Damaged status
  Biblioteca Escolar das Vendas Biblioteca Escolar das Vendas BEV1179 3 VIA   Livro Sem mensagem